Catálogo
 En Linea

¿Qué es la metodología d e marco lógico y para qué sirve? : (Registro nro. 37552)

Detalles MARC
000 -CABECERA
campo de control de longitud fija 00738nam a2200181 a 4500
001 - NÚMERO DE CONTROL
campo de control 000038062
005 - FECHA Y HORA DE LA ÚLTIMA TRANSACCIÓN
campo de control 20240315194914.0
008 - DATOS DE LONGITUD FIJA--INFORMACIÓN GENERAL
campo de control de longitud fija 130312s2011 dr ad 000 0 spa d
040 ## - FUENTE DE LA CATALOGACIÓN
Centro catalogador/agencia de origen DO-SdBNP
Lengua de catalogación spa
Centro/agencia transcriptor BNPHU
100 1# - ENTRADA PRINCIPAL--NOMBRE DE PERSONA
Nombre de persona Fuente,Jorge de la
9 (RLIN) 64459
245 10 - MENCIÓN DE TÍTULO
Título ¿Qué es la metodología d e marco lógico y para qué sirve? :
Resto del título guía para su aplicación /
Mención de responsabilidad, etc. Jorge de la Fuente ; presentación Juan Temístocles Montás.
260 ## - PUBLICACIÓN, DISTRIBUCIÓN, ETC.
Lugar de publicación, distribución, etc. Santo Domingo :
Nombre del editor, distribuidor, etc. Ministerio de Economía, Planificación y Desarrollo,
Fecha de publicación, distribución, etc. 2011.
300 ## - DESCRIPCIÓN FÍSICA
Extensión 30 p. :
Otras características físicas il., gráf. ;
Dimensiones 21 cm.
490 1# - MENCIÓN DE SERIE
Mención de serie Planificación
Designación de volumen o secuencia 6
500 ## - NOTA GENERAL
Nota general Incluye notas al pie de las páginas
700 1# - PUNTO DE ACCESO ADICIONAL--NOMBRE DE PERSONA
Nombre de persona Montás, Juan Temístocles
Fechas asociadas al nombre 1950-
9 (RLIN) 79676
830 #0 - PUNTO DE ACCESO ADICIONAL DE SERIE-TÍTULO UNIFORME
Título uniforme Planificación
Designación de volumen o secuencia 6
9 (RLIN) 64460
Existencias
Estado de retiro Estado de pérdida No para préstamo Código de colección Localización permanente Ubicación/localización actual Ubicación en estantería Fecha de adquisición Número de inventario Total de préstamos Signatura topográfica completa Código de barras Fecha visto por última vez Número de copia Precio válido a partir de Tipo de ítem Koha
    Excluido de préstamo Dominicana de Servicio General General En catalogación 12.03.2013 LF1   38062-30 25.06.2020 e. 3 25.06.2020 Libro y Folleto Colección Dominicana de Servicio
    Excluido de préstamo Patrimonio Dominicano Patrimonio Dominicano Patrimonio Dominicano En catalogación 12.03.2013 LF1   38062-10 25.06.2020 e. 2 25.06.2020 Libro y Folleto Colección Patrimonio Dominicano
    Excluido de préstamo Patrimonio Dominicano Patrimonio Dominicano Patrimonio Dominicano En catalogación 12.03.2013 LF1   38062-20 25.06.2020   25.06.2020 Libro y Folleto Colección Patrimonio Dominicano

Con tecnología Koha